| 000 | 00893cam a2200265 a 4500 | ||
|---|---|---|---|
| 001 | 84915 | ||
| 003 | BD-RjUL | ||
| 005 | 20250512162422.0 | ||
| 008 | 250513s1983 ii b 001 0 urdo | ||
| 020 | _cRs60.00 | ||
| 035 | _a(BD-RjUL) 84915 | ||
| 040 |
_aDLC _cDLC _dDLC _beng |
||
| 041 | _aurd | ||
| 082 |
_223 _a891.43909 _bKHA 1983 |
||
| 100 | 0 |
_aخان ، کاظم علی ;; K̲h̲ān̲, Kāẓim ʻAlī _d1938- _915442 |
|
| 245 | 1 | 0 |
_aادبی مقالے ;; Adabī maqāle / _cکاظم علی خان ;; Kāẓim ʻAlī K̲h̲ān̲. |
| 260 |
_aLakhnaʼū : _bKāẓim ʻAlī K̲h̲ān̲, _c1983. |
||
| 300 |
_a560 p. ; _c22 cm. |
||
| 500 | _aIn Urdu. | ||
| 500 | _aIncludes indexes. | ||
| 504 | _aBibliography: p. 526-543. | ||
| 520 | _aCritical and research articles on Urdu poetry. | ||
| 650 | 0 |
_aUrdu poetry _y20th century _xHistory and criticism. _915443 |
|
| 942 |
_2ddc _cBK |
||
| 999 |
_c84915 _d84915 |
||